|
|
|
|
| LEADER |
01601nam a22003137a 4500 |
| 001 |
43005 |
| 003 |
BD-DhAAL |
| 005 |
20240905122338.0 |
| 008 |
240905t1997 nyua|||| |||| 001 0 eng d |
| 020 |
|
|
|a 0021466629
|
| 020 |
|
|
|a 9780021466627
|
| 040 |
|
|
|a BD-DhAAL
|d BD-DhAAL
|
| 082 |
|
|
|a 300.71073
|
| 245 |
|
|
|a My world : anthology :
|b adventures in time and place /
|c James A. Banks ... [et al.]; National Geographic Society.
|
| 264 |
|
|
|a New York, N.Y. :
|b Macmillan/McGraw-Hill,
|c ©1997.
|
| 300 |
|
|
|a xi, 164 pages :
|b illustrations, music ;
|c 28 cm.
|
| 490 |
|
|
|a Anthology : adventures in time and place
|
| 500 |
|
|
|a "National Geographic Society."
Grade 1
Includes indexes
|
| 541 |
|
|
|a Donation from the Asia Foundation/Savar Campus Library
|e 43004, 43005
|
| 650 |
|
|
|a Social sciences
|x Study and teaching (Elementary).
|
| 650 |
|
|
|a Social sciences
|x Study and teaching (Secondary).
|9 56581
|
| 650 |
|
|
|a Geography
|x Study and teaching (Elementary).
|
| 650 |
|
|
|a Social sciences.
|
| 700 |
|
|
|a Banks, James A.
|
| 710 |
|
|
|a National Geographic Society.
|
| 942 |
|
|
|2 ddc
|c BK
|
| 999 |
|
|
|c 46948
|d 46948
|
| 952 |
|
|
|0 0
|1 0
|2 ddc
|4 0
|6 300_710730000000000_MYW
|7 0
|9 76140
|a SCL
|b SCL
|c GEN
|d 2024-09-05
|e Donation from the Asia Foundation/ Savar Campus
|l 0
|o 300.71073 MYW
|p 3020043005
|r 2024-09-05
|t 1
|w 2024-09-05
|y BK
|x Donation from the Asia Foundation/ Savar Campus
|
| 952 |
|
|
|0 0
|1 0
|2 ddc
|4 0
|6 300_710730000000000_MYW
|7 0
|9 76141
|a SCL
|b SCL
|c GEN
|d 2024-09-05
|e Donation from the Asia Foundation/ Savar Campus
|l 0
|o 300.71073 MYW
|p 3020043004
|r 2024-09-05
|t 2
|w 2024-09-05
|y BK
|x Donation from the Asia Foundation/ Savar Campus
|